[Event "Barcelona Sants op-B 23rd"]
[Site "Barcelona"]
[Date "2022.08.19"]
[Round "1"]
[White "Ventos Alfonso, Alba"]
[Black "Delgadillo Vidal, Philippe Arnau"]
[Result "1-0"]
[WhiteElo "1834"]
[BlackElo "1633"]
[PlyCount "53"]
[EventDate "2022.08.19"]
[EventType "swiss"]
[EventRounds "10"]
[EventCountry "ESP"]
[SourceTitle "EXT 2023"]
[Source "ChessBase"]
[SourceDate "2022.10.05"]
[SourceVersion "1"]
[SourceVersionDate "2022.10.05"]
[SourceQuality "1"]

1. e4 c5 2. Nc3 d6 3. f4 Nc6 4. Nf3 e6 5. Bb5 Bd7 6. 0-0 Nge7 7. Kh1 a6 8. Bxc6 Bxc6 9. d3 b5 10. Qe1 Qc7 11. Bd2 Bb7 12. e5 d5 13. Ne2 Nc6 14. Ng3 g6 15. c3 Bg7 16. Rc1 Qe7 17. c4 d4 18. Ne4 0-0 19. cxb5 axb5 20. a3 c4 21. dxc4 bxc4 22. Nd6 Ba6 23. Nxc4 Rab8 24. Rf2 Qd7 25. b4 Qd5 26. Nd6 Rfd8 27. Rc5 1-0

[Event "Roncana op-A 13th"]
[Site "Santa Eulalia de Roncana"]
[Date "2019.10.19"]
[Round "4"]
[White "Sanchez Aguilar, Arnau"]
[Black "Ventos Alfonso, Alba"]
[Result "0-1"]
[WhiteElo "1600"]
[BlackElo "1804"]
[PlyCount "136"]
[EventDate "2019.09.28"]
[EventType "swiss"]
[EventRounds "8"]
[EventCountry "ESP"]
[SourceTitle "CBM 193 Extra"]
[Source "ChessBase"]
[SourceDate "2020.01.31"]
[SourceVersion "1"]
[SourceVersionDate "2020.01.31"]
[SourceQuality "1"]

1. e4 e5 2. Nc3 Bc5 3. g3 Nc6 4. Bg2 d6 5. h3 Nf6 6. Nge2 Be6 7. 0-0 Qd7 8. Kh2 0-0-0 9. Nd5 Ne7 10. Nxf6 gxf6 11. c3 d5 12. d4 dxe4 13. Be3 exd4 14. cxd4 Bb6 15. Bxe4 Bxh3 16. Bg2 Bxg2 17. Kxg2 Qd5+ 18. f3 Nf5 19. Bf2 Rhg8 20. Qd3 Nh4+ 21. Kh3 Nxf3 22. Nf4 Qd7+ 23. Kg2 Nxd4 24. Rad1 Qc6+ 25. Kh3 Ne6 26. Nd5 Ng5+ 27. Kh2 Qe6 28. g4 Bxf2 29. Rxf2 Qe5+ 30. Kg1 Rxd5 31. Qxd5 Qxd5 32. Rxd5 Nh3+ 33. Kf1 Nxf2 34. Kxf2 Rxg4 35. Rh5 Rg7 36. Rh6 f5 37. Rf6 Kd7 38. Rxf5 Ke6 39. Rf3 Rg5 40. Re3+ Re5 41. Rc3 Kd6 42. Ra3 a6 43. Rf3 f5 44. Rh3 Rc5 45. Rh6+ Ke5 46. Rxh7 b6 47. Re7+ Kd4 48. Rd7+ Kc4 49. Ke3 Kb5 50. Kd3 Kc6 51. Rf7 a5 52. a4 Kd6 53. b3 Ke5 54. Rh7 Kf4 55. Rh6 Kf3 56. Rh1 Kf2 57. Rh7 f4 58. Ke4 f3 59. Rf7 Rc3 60. Kd4 Rxb3 61. Rxc7 Rb4+ 62. Rc4 Rxc4+ 63. Kxc4 Ke2 64. Kb5 f2 65. Kxb6 f1Q 66. Kxa5 Kd3 67. Kb5 Qb1+ 68. Ka6 Kc4 0-1

[Event "Roncana op-A 12th"]
[Site "Santa Eulalia de Roncana"]
[Date "2018.10.20"]
[Round "3"]
[White "Olive Torras, Ricard"]
[Black "Ventos Alfonso, Alba"]
[Result "1/2-1/2"]
[WhiteElo "1505"]
[BlackElo "1802"]
[PlyCount "162"]
[EventDate "2018.09.29"]
[EventType "swiss"]
[EventRounds "8"]
[EventCountry "ESP"]
[SourceTitle "CBM 187 Extra"]
[Source "ChessBase"]
[SourceDate "2018.11.04"]
[SourceVersion "1"]
[SourceVersionDate "2018.11.04"]
[SourceQuality "1"]

1. e4 e5 2. Nf3 Nc6 3. Bb5 Bc5 4. c3 Qf6 5. d3 h6 6. 0-0 Nge7 7. Re1 0-0 8. Nbd2 d6 9. h3 Ng6 10. Nf1 Nf4 11. Ng3 Qg6 12. d4 Bb6 13. Be3 Nh5 14. Nh4 Qf6 15. Qxh5 exd4 16. cxd4 Nxd4 17. Bd3 Ne6 18. Nhf5 Bxe3 19. Nxe3 Nf4 20. Qd1 Qxb2 21. Qc2 Qa3 22. Rad1 Be6 23. Bc4 Bd7 24. Nd5 Nxd5 25. Bxd5 c6 26. Bb3 Qb4 27. Qc4 Qa3 28. Re3 Qb2 29. Rxd6 Be6 30. Qc3 Qxc3 31. Rxc3 Rfd8 32. Rcd3 Rxd6 33. Rxd6 Bxb3 34. axb3 c5 35. Nf5 b6 36. Ne7+ Kf8 37. Nc6 f6 38. Rd7 a6 39. Rb7 b5 40. Na5 Rc8 41. Rb6 c4 42. bxc4 bxc4 43. Rxa6 c3 44. Nb3 c2 45. Ra1 Rb8 46. Rc1 Rxb3 47. Rxc2 Rb1+ 48. Kh2 Rb7 49. Kg3 Kf7 50. Kf4 g6 51. g4 Rb3 52. f3 g5+ 53. Kg3 Rb1 54. Rc5 Rb2 55. Rf5 Re2 56. h4 gxh4+ 57. Kxh4 Rh2+ 58. Kg3 Re2 59. Rh5 Kg6 60. Kf4 Rd2 61. Rf5 Rd4 62. Rd5 Rb4 63. Rd6 Rb5 64. Rd5 Rb4 65. Rd6 Rb5 66. Rd5 Rb4 67. Kg3 Rb3 68. Rd6 Kg5 69. Rd5+ Kg6 70. Rf5 Ra3 71. Kh4 Re3 72. Kg3 Ra3 73. e5 fxe5 74. Rxe5 Rb3 75. Rf5 Ra3 76. Kh4 Ra1 77. f4 Rh1+ 78. Kg3 Rg1+ 79. Kf3 Rf1+ 80. Ke4 Rg1 81. Kf3 Rf1+ 1/2-1/2

[Event "Roncana op-A 10th"]
[Site "Santa Eulalia de Roncana"]
[Date "2016.11.05"]
[Round "6"]
[White "Parra Ordorica, Gorka"]
[Black "Ventos Alfonso, Alba"]
[Result "0-1"]
[WhiteElo "1490"]
[BlackElo "1782"]
[PlyCount "88"]
[EventDate "2016.09.24"]
[EventType "swiss"]
[EventRounds "8"]
[EventCountry "ESP"]
[SourceTitle "EXT 2018"]
[Source "ChessBase"]
[SourceDate "2017.10.13"]
[SourceVersion "1"]
[SourceVersionDate "2017.10.13"]
[SourceQuality "1"]

1. e4 e5 2. Nf3 Nc6 3. Bb5 Bc5 4. 0-0 Qf6 5. d3 h6 6. Be3 Bb6 7. c3 Nge7 8. d4 exd4 9. cxd4 d5 10. Nc3 Be6 11. Bxc6+ bxc6 12. Rc1 0-0 13. Qa4 dxe4 14. Nxe4 Qg6 15. Ng3 Bd5 16. Ne5 Qe6 17. a3 f6 18. Nd3 g5 19. Rfe1 Qf7 20. f3 a5 21. Qc2 Ng6 22. Ne4 f5 23. Nc3 Bb3 24. Qf2 f4 25. Bd2 Rad8 26. Ne2 Bc4 27. Rc3 Rfe8 28. Kh1 Qf5 29. Ndc1 Bxe2 30. Nxe2 Qd5 31. Rd3 Ne5 32. Rc3 Nc4 33. Rc2 c5 34. Rd1 Ne3 35. Bxe3 fxe3 36. Qg3 cxd4 37. Rd3 Qf5 38. Nc1 c5 39. Qe1 Qf4 40. Ne2 Qf7 41. b4 c4 42. Rd1 d3 43. Rc3 dxe2 44. Qxe2 Rxd1+ 0-1

[Event "Roncana op-A 10th"]
[Site "Santa Eulalia de Roncana"]
[Date "2016.09.24"]
[Round "1"]
[White "Ventos Alfonso, Alba"]
[Black "Vicedo Navau, Carles"]
[Result "1-0"]
[WhiteElo "1782"]
[BlackElo "1962"]
[PlyCount "71"]
[EventDate "2016.09.24"]
[EventType "swiss"]
[EventRounds "8"]
[EventCountry "ESP"]
[SourceTitle "EXT 2018"]
[Source "ChessBase"]
[SourceDate "2017.10.13"]
[SourceVersion "1"]
[SourceVersionDate "2017.10.13"]
[SourceQuality "1"]

1. e4 c6 2. g3 d5 3. Bg2 dxe4 4. Bxe4 Nf6 5. Bg2 Bg4 6. Ne2 e6 7. c3 Qd3 8. h3 Bf3 9. Bxf3 Qxf3 10. 0-0 Bc5 11. d4 Bb6 12. Be3 0-0 13. Nd2 Qf5 14. Kh2 Nbd7 15. Nc4 Qd5 16. b3 e5 17. dxe5 Ne4 18. Qc2 f5 19. Nf4 Qb5 20. a4 Qa6 21. Nd3 c5 22. f3 Nxg3 23. Kxg3 Bc7 24. f4 g5 25. Qg2 gxf4+ 26. Bxf4 Kh8 27. Kh2 Rg8 28. Qe2 Rg6 29. Rg1 Rag8 30. Rxg6 hxg6 31. e6 Bxf4+ 32. Nxf4 Nf6 33. Qe5 Kg7 34. Qc7+ Kh6 35. Qf7 Kg5 36. Nd5 1-0

[Event "ESP-ch (Women)"]
[Site "Novetle"]
[Date "2008.08.07"]
[Round "5"]
[White "Gil Quilez, Sonia"]
[Black "Ventos Alfonso, Alba"]
[Result "1-0"]
[WhiteElo "2017"]
[BlackElo "1836"]
[PlyCount "41"]
[EventDate "2008.08.03"]
[EventType "swiss"]
[EventRounds "7"]
[EventCountry "ESP"]
[SourceTitle "CBM 125 Extra"]
[Source "ChessBase"]
[SourceDate "2008.09.01"]
[SourceVersion "1"]
[SourceVersionDate "2008.09.01"]
[SourceQuality "1"]

1. d4 Nf6 2. c4 e6 3. Nc3 Bb4 4. Qc2 Bxc3+ 5. bxc3 d5 6. e3 Ne4 7. Bd3 f5 8. Nf3 0-0 9. 0-0 b6 10. Ne5 c5 11. Ba3 Qc7 12. cxd5 exd5 13. c4 Be6 14. f3 Ng5 15. cxd5 Bxd5 16. Bxf5 g6 17. Bd3 Ne6 18. Ng4 Nd7 19. dxc5 Ndxc5 20. Bb2 Nxd3 21. Nh6# 1-0

[Event "ESP-ch (Women)"]
[Site "Novetle"]
[Date "2008.08.05"]
[Round "2"]
[White "Folch Fuentes, Eva"]
[Black "Ventos Alfonso, Alba"]
[Result "0-1"]
[WhiteElo "1500"]
[BlackElo "1836"]
[PlyCount "76"]
[EventDate "2008.08.03"]
[EventType "swiss"]
[EventRounds "7"]
[EventCountry "ESP"]
[SourceTitle "CBM 125 Extra"]
[Source "ChessBase"]
[SourceDate "2008.09.01"]
[SourceVersion "1"]
[SourceVersionDate "2008.09.01"]
[SourceQuality "1"]

1. e4 e5 2. Nf3 Nc6 3. d4 exd4 4. Nxd4 Bc5 5. Be3 Qf6 6. c3 Qg6 7. Nd2 Nge7 8. Nc2 Bxe3 9. Nxe3 0-0 10. Qc2 Ne5 11. f4 Ng4 12. Nxg4 Qxg4 13. g3 d5 14. Be2 Qg6 15. 0-0-0 Re8 16. Bd3 dxe4 17. Nxe4 Nd5 18. Ng5 f5 19. Bc4 c6 20. Bxd5+ cxd5 21. Rxd5 h6 22. Nf3 Qc6 23. Rhd1 Be6 24. Ne5 Qa6 25. R5d4 Qxa2 26. Ra4 Qb3 27. Rb4 Qa2 28. Qb1 Qa6 29. Qd3 Qxd3 30. Rxd3 b6 31. Rd6 Rad8 32. Rbd4 Rxd6 33. Rxd6 Bb3 34. Rd7 a6 35. Rd6 b5 36. Rxa6 Rd8 37. Nd3 Rxd3 38. Ra8+ Kh7 0-1

[Event "ESP-ch (Women)"]
[Site "Novetle"]
[Date "2008.08.05"]
[Round "3"]
[White "Vega Gutierrez, Belinda Vidina"]
[Black "Ventos Alfonso, Alba"]
[Result "1-0"]
[WhiteElo "2129"]
[BlackElo "1836"]
[PlyCount "45"]
[EventDate "2008.08.03"]
[EventType "swiss"]
[EventRounds "7"]
[EventCountry "ESP"]
[SourceTitle "CBM 125 Extra"]
[Source "ChessBase"]
[SourceDate "2008.09.01"]
[SourceVersion "1"]
[SourceVersionDate "2008.09.01"]
[SourceQuality "1"]

1. e4 e5 2. d4 exd4 3. Qxd4 Nc6 4. Qe3 Nf6 5. Bd2 Be7 6. Nc3 0-0 7. 0-0-0 d5 8. exd5 Nxd5 9. Qf3 Nxc3 10. Bxc3 Bg5+ 11. Kb1 Qe7 12. Bb5 Bd7 13. h4 Bh6 14. Qg3 Rac8 15. Nf3 Rfd8 16. Ng5 Qc5 17. Bd3 Bf5 18. Qf4 Bg6 19. Bxg6 fxg6 20. Qf7+ Kh8 21. Rd7 Rxd7 22. Qxd7 Qf5 23. Nf7+ 1-0

[Event "ESP-ch (Women)"]
[Site "Novetle"]
[Date "2008.08.04"]
[Round "1"]
[White "Ventos Alfonso, Alba"]
[Black "Redondo Arguelles, Graciela"]
[Result "0-1"]
[WhiteElo "1836"]
[BlackElo "2120"]
[PlyCount "86"]
[EventDate "2008.08.03"]
[EventType "swiss"]
[EventRounds "7"]
[EventCountry "ESP"]
[SourceTitle "CBM 125 Extra"]
[Source "ChessBase"]
[SourceDate "2008.09.01"]
[SourceVersion "1"]
[SourceVersionDate "2008.09.01"]
[SourceQuality "1"]

1. e4 e6 2. d4 d5 3. Nd2 c5 4. exd5 exd5 5. Bb5+ Nc6 6. Ngf3 Bd6 7. dxc5 Bxc5 8. 0-0 Nge7 9. Nb3 Bd6 10. Re1 0-0 11. Bg5 Qc7 12. c3 Bg4 13. h3 Bh5 14. Be2 a6 15. Nfd4 Bg6 16. Bd3 Bxd3 17. Qxd3 Ne5 18. Qc2 Rfe8 19. Rad1 f6 20. Bc1 N7c6 21. Nf5 Nb4 22. Qd2 Nc4 23. Qd4 Be5 24. Qg4 Nxa2 25. Bh6 g6 26. Ra1 Nxc3 27. bxc3 Bxc3 28. Rxe8+ Rxe8 29. Rd1 Re4 30. Qf3 Ne5 31. Qg3 Qc4 32. Rb1 Re2 33. Ne7+ Kf7 34. Nxd5 Be1 35. Ne3 Qd3 36. Nc1 Bxf2+ 37. Qxf2 Qxb1 38. Qxe2 Qxc1+ 39. Kf2 Qc3 40. Qa2+ Ke8 41. Qe6+ Kd8 42. Nd5 Nd3+ 43. Ke2 Qe1+ 0-1

[Event "Catalunya-ch U20"]
[Site "Catalunya"]
[Date "2008.03.24"]
[Round "8"]
[White "Palomo Teruel, Xavier"]
[Black "Ventos Alfonso, Alba"]
[Result "0-1"]
[WhiteElo "1918"]
[BlackElo "1854"]
[PlyCount "66"]
[EventDate "2008.03.19"]
[EventType "swiss"]
[EventRounds "9"]
[EventCountry "ESP"]
[SourceTitle "EXT 2010"]
[Source "ChessBase"]
[SourceDate "2010.11.25"]
[SourceVersion "1"]
[SourceVersionDate "2010.11.25"]
[SourceQuality "1"]

1. c4 e6 2. Nc3 f5 3. g3 Nf6 4. Bg2 c6 5. d4 Bb4 6. e3 Bxc3+ 7. bxc3 0-0 8. c5 b6 9. Ba3 bxc5 10. Bxc5 d6 11. Ba3 Ba6 12. Nf3 Ne4 13. Qc2 Rf7 14. Nd2 d5 15. f3 Nd6 16. Kf2 Nc4 17. Nxc4 Bxc4 18. Rhe1 Nd7 19. Kg1 Qf6 20. e4 f4 21. e5 Qg5 22. g4 h5 23. h3 g6 24. Rab1 Nb6 25. Bc5 hxg4 26. hxg4 Rh7 27. Bxb6 axb6 28. Rxb6 Rxa2 29. Rb8+ Kg7 30. Qb1 Qh4 31. Rb7+ Kh6 32. Rxh7+ Kxh7 33. Qb7+ Kh6 0-1

[Event "Catalunya-ch U20"]
[Site "Catalunya"]
[Date "2008.03.23"]
[Round "7"]
[White "Ventos Alfonso, Alba"]
[Black "Barba Rios, Enric"]
[Result "1-0"]
[WhiteElo "1854"]
[BlackElo "1697"]
[PlyCount "103"]
[EventDate "2008.03.19"]
[EventType "swiss"]
[EventRounds "9"]
[EventCountry "ESP"]
[SourceTitle "EXT 2010"]
[Source "ChessBase"]
[SourceDate "2010.11.25"]
[SourceVersion "1"]
[SourceVersionDate "2010.11.25"]
[SourceQuality "1"]

1. e4 e5 2. f4 exf4 3. Nf3 d6 4. Bc4 Nc6 5. 0-0 Be6 6. Bb5 Nf6 7. d4 Bd7 8. Qe2 Be7 9. Bxf4 d5 10. Nbd2 dxe4 11. Nxe4 0-0 12. c3 a6 13. Bd3 Re8 14. Qf2 Bg4 15. Ne5 Bd6 16. Nxc6 bxc6 17. Bg5 Be7 18. Nxf6+ gxf6 19. Bxf6 Bxf6 20. Qxf6 Qxf6 21. Rxf6 Re6 22. Raf1 Rxf6 23. Rxf6 Be6 24. Rh6 c5 25. dxc5 Rd8 26. Bxa6 Bxa2 27. b4 Rd2 28. b5 Bd5 29. b6 Rxg2+ 30. Kf1 cxb6 31. cxb6 Rb2 32. c4 Be6 33. c5 Kg7 34. Rh4 Bd5 35. Rd4 Bf3 36. Rd7 Kf8 37. Bc4 Be4 38. Bd5 Bxd5 39. Rxd5 Ke7 40. Ke1 Rb5 41. Kd2 Ke6 42. Rd8 Ke7 43. Ra8 Kd7 44. Ra7+ Kc8 45. Rc7+ Kb8 46. Kd3 f5 47. Kc4 Rb2 48. Rf7 Kc8 49. h4 Rh2 50. c6 Rxh4+ 51. Kd5 Kd8 52. c7+ 1-0

[Event "Catalunya-ch U20"]
[Site "Catalunya"]
[Date "2008.03.21"]
[Round "4"]
[White "Muratet Carmona, Julia"]
[Black "Ventos Alfonso, Alba"]
[Result "1/2-1/2"]
[WhiteElo "1702"]
[BlackElo "1854"]
[PlyCount "69"]
[EventDate "2008.03.19"]
[EventType "swiss"]
[EventRounds "9"]
[EventCountry "ESP"]
[SourceTitle "EXT 2010"]
[Source "ChessBase"]
[SourceDate "2010.11.25"]
[SourceVersion "1"]
[SourceVersionDate "2010.11.25"]
[SourceQuality "1"]

1. e4 e5 2. Nf3 Nc6 3. d4 exd4 4. Bc4 Nf6 5. 0-0 Be7 6. e5 Ne4 7. Re1 d5 8. exd6 Nxd6 9. Bb3 Bg4 10. h3 Bh5 11. Qd3 Bg6 12. Qd1 Ne4 13. Nbd2 Nxd2 14. Bxd2 0-0 15. Ba4 Nb4 16. a3 Na6 17. Ne5 Bf5 18. Qf3 Nc5 19. Qxf5 Nxa4 20. b3 Nb6 21. Nf3 h6 22. Qg4 Bf6 23. Bxh6 d3 24. Rad1 Qc8 25. Qxc8 Raxc8 26. Bf4 dxc2 27. Rc1 Nd5 28. Be5 Be7 29. Bb2 Bd6 30. Rxc2 Nf4 31. Rd1 Rfe8 32. Nd4 a6 33. Nf5 Bf8 34. Kf1 g6 35. Nd4 1/2-1/2

[Event "Catalunya-ch U20"]
[Site "Catalunya"]
[Date "2008.03.19"]
[Round "1"]
[White "Ventos Alfonso, Alba"]
[Black "Moreno Martin, Daniel"]
[Result "0-1"]
[WhiteElo "1854"]
[BlackElo "2055"]
[PlyCount "76"]
[EventDate "2008.03.19"]
[EventType "swiss"]
[EventRounds "9"]
[EventCountry "ESP"]
[SourceTitle "EXT 2010"]
[Source "ChessBase"]
[SourceDate "2010.11.25"]
[SourceVersion "1"]
[SourceVersionDate "2010.11.25"]
[SourceQuality "1"]

1. e4 e6 2. d4 d5 3. Nd2 c5 4. c3 cxd4 5. cxd4 dxe4 6. Nxe4 Nf6 7. Nc3 Be7 8. Bc4 0-0 9. Nf3 Nbd7 10. 0-0 Nb6 11. Bb3 Nbd5 12. Ne5 Nxc3 13. bxc3 Qc7 14. Qf3 a5 15. Bf4 Bd6 16. a4 Bd7 17. c4 Bc6 18. Qh3 b6 19. Rfe1 Be4 20. Rac1 Bf5 21. Qf3 Qc8 22. Nc6 Qc7 23. Ne5 Qc8 24. Nc6 Ba3 25. c5 Qd7 26. Rcd1 Bg4 27. Ne5 Bxf3 28. Nxd7 Bxd1 29. Nxf6+ gxf6 30. Bxd1 bxc5 31. Bd6 Rfe8 32. dxc5 Rac8 33. Re3 Bxc5 34. Rg3+ Kh8 35. Bf4 Rg8 36. Rxg8+ Kxg8 37. Bf3 Bb6 38. Kf1 Rc4 0-1